| 000 | 00386nam a2200181Ia 4500 | ||
|---|---|---|---|
| 100 | _aShupe/Rich/ Rosser/Zevan | ||
| 650 | _aActionscript | ||
| 250 | _a2 | ||
| 942 | _cBK | ||
| 366 | _f25 | ||
| 654 | _aaction script | ||
| 245 | _aLearning Action Script 3.0 | ||
| 260 |
_bOreilly _c2011 |
||
| 082 |
_a5.133 _bSHU |
||
| 300 | _a433 | ||
| 546 |
_aENGLISH _cPAMPHALETS |
||
| 999 |
_c25370 _d25370 |
||